| 000 | 00642nam a22001937a 4500 | ||
|---|---|---|---|
| 999 |
_c58738 _d58738 |
||
| 005 | 20220711173618.0 | ||
| 008 | 220711s2021en xxu||||| |||| 00| 0 eng d | ||
| 020 | _a9780593332030 | ||
| 080 | _a005.2 W-88 | ||
| 245 |
_aWriter's Market : _bTHE MOST TRUSTED GUIDE TO GETTING PUBLISHED / _cEdited by : Robert Lee Brewer |
||
| 250 | _a100th edition | ||
| 264 |
_aUSA: _bWriter's Digest Books, _c2021. |
||
| 300 |
_a903:. pages ; _b24 cm. |
||
| 653 | _aWriter's market | ||
| 653 | _a Authorship Marketing. | ||
| 653 | _aმარკეტინგი | ||
| 700 |
_aBrewer, Robert Lee _eრედაქტორი _914366 |
||
| 942 |
_2udc _cBK |
||